| 000 | 00712nam a22001695i 4500 | ||
|---|---|---|---|
| 001 | 164428 | ||
| 003 | ES-MaACL | ||
| 005 | 20230906212932.0 | ||
| 008 | 951113s1894 sp |||| | spa d | ||
| 040 |
_aCLM _bspa _cCCPB | SIC |
||
| 100 | 1 |
_aSalcedo Ruiz, Ángel. _9101855 |
|
| 245 | 1 | 3 |
_aEl socialismo del campo / _cescrita por Angel Salcedo y Ruiz. |
| 260 |
_aMadrid : _b[s.n.], _c1894 ( _fImprenta y Litografía de los Huérfanos) |
||
| 300 |
_a112 p. ; _c27 cm. |
||
| 500 | 1 | _aMemoria premiada por la Real Academia de Ciencias Morales y Políticas en el concurso ordinario de 1893. | |
| 852 |
_aES-MaACL _jF-M-III-O (IX) _z-- Enc. pasta española _q-- Falto de la cub. original _z-- Enc. en un vol. facticio |
||
| 999 |
_c164428 _d164428 |
||